000 00308cam a22000977a 4500
008 180718b1959 xxu||||| |||| 00| 0 eng d
100 _aKrisna daya
245 _aplanning power and welfare: A discussion and other essays
_cby Daya krisna
260 _aNew Delhi
_bThe office for Asian Affairs
_c1959
300 _a90
999 _c429385
_d429385